Statistics for APEC Summit Host Cities

Click here to take the quiz!

General Stats

  • This quiz has been taken 95 times
    (40 since last reset)
  • The average score is 25 of 33

Answer Stats

YearCountryHost City% Correct
2007AustraliaSydney
100%
1995JapanOsaka
97%
2022ThailandBangkok
94%
2020Malaysia (virtual)Kuala Lumpur
94%
2015PhilippinesManila
94%
1996PhilippinesManila and Subic
94%
2009SingaporeSingapore
94%
1990SingaporeSingapore
94%
2003ThailandBangkok
90%
1992ThailandBangkok
90%
2005South KoreaBusan
90%
1991South KoreaSeoul
90%
2021New Zealand (virtual)Auckland
87%
2014ChinaBeijing
87%
1989AustraliaCanberra
87%
2006VietnamHanoi
87%
1998MalaysiaKuala Lumpur
87%
2008PeruLima
87%
2016PeruLima
87%
2004ChileSantiago
87%
2001ChinaShanghai
84%
1997CanadaVancouver
84%
1999New ZealandAuckland
81%
1993United StatesSeattle
77%
2018Papua New GuineaPort Moresby
68%
2013IndonesiaDenpasar
65%
2000BruneiBandar Seri Begawan
58%
2012RussiaVladivostok
55%
2017VietnamDa Nang
48%
2011United StatesHonolulu
45%
2010JapanYokohama
32%
1994IndonesiaBogor
3%
2002MexicoLos Cabos
3%

Score Distribution

Percentile by Number Answered

Percent of People with Each Score

Your Score History

You have not taken this quiz since the last reset